The honest truth / Dan Gemeinhart.
Available copies
- 2 of 2 copies available at LARL/NWRL Consortium.
- 1 of 1 copy available at Lake Agassiz Regional Library. (Show preferred library)
Current holds
0 current holds with 2 total copies.
Show Only Available Copies
| Location | Call Number / Copy Notes | Barcode | Shelving Location | Status | Due Date |
|---|---|---|---|---|---|
| Ada Public Library | J GEM (Text) | 33500011978707 | Main | Available | - |
| Roseau Public Library | j GEM (Text) | 35500005639446 | Main | Available | - |
Record details
- ISBN: 9780545665735
- ISBN: 0545665736
- Physical Description: 229 pages ; 22 cm
- Edition: First edition, February 2015.
- Publisher: New York : Scholastic Press, 2015.
Content descriptions
| Summary, etc.: | A boy named Mark, tired of being sick with cancer, ... Read More |
Search for related items by subject
| LDR | 02267cam a2200529 i 4500 | ||
|---|---|---|---|
| 001 | 174809 | ||
| 003 | LARL_NWRL_CONSORTIUM | ||
| 005 | 20150127100520.0 | ||
| 008 | 140804s2015 nyu c 000 1 eng c | ||
| 010 | . | ‡a2014028474 | |
| 020 | . | ‡a9780545665735 ‡q(trade) | |
| 020 | . | ‡a0545665736 ‡q(trade) | |
| 035 | . | ‡a(OCoLC)884298339 | |
| 040 | . | ‡aNJQ/DLC ‡beng ‡erda ‡cZQP ‡dDLC ‡dYDXCP ‡dBTCTA ‡dBDX ‡dOCLCO ‡dFOLLT | |
| 042 | . | ‡alcac ‡apcc | |
| 043 | . | ‡an-us-wa | |
| 050 | 0 | 0. | ‡aPZ7.1.G46 ‡bHo 2015 |
| 082 | 0 | 4. | ‡a[Fic] ‡223 |
| 100 | 1 | . | ‡aGemeinhart, Dan, ‡eauthor. ‡0(LARL_NWRL_CONSORTIUM)222396 |
| 245 | 1 | 4. | ‡aThe honest truth / ‡cDan Gemeinhart. |
| 250 | . | ‡aFirst edition, February 2015. | |
| 260 | . | ‡aNew York : ‡bScholastic Press, ‡c2015. | |
| 300 | . | ‡a229 pages ; ‡c22 cm | |
| 336 | . | ‡atext ‡2rdacontent | |
| 337 | . | ‡aunmediated ‡2rdamedia | |
| 338 | . | ‡avolume ‡2rdacarrier | |
| 520 | . | ‡aA boy named Mark, tired of being sick with cancer, conceives a plan to climb Mount Rainier, and runs away from home with his dog, Beau--but with over two hundred miles between him and his goal, and only anger at his situation to drive him on nothing will be easy, and only his best friend, Jessie, suspects where he is heading. | |
| 650 | 0. | ‡aRunaway children ‡vJuvenile fiction. | |
| 650 | 0. | ‡aCancer in children ‡vJuvenile fiction. | |
| 650 | 0. | ‡aAnger in children ‡vJuvenile fiction. | |
| 650 | 0. | ‡aHuman-animal relationships ‡vJuvenile fiction. ‡0(LARL_NWRL_CONSORTIUM)169688 | |
| 650 | 0. | ‡aBest friends ‡vJuvenile fiction. ‡0(LARL_NWRL_CONSORTIUM)170952 | |
| 651 | 0. | ‡aRainier, Mount (Wash.) ‡vJuvenile fiction. | |
| 650 | 1. | ‡aRunaways ‡vFiction. | |
| 650 | 1. | ‡aCancer ‡vFiction. | |
| 650 | 1. | ‡aDogs ‡vFiction. ‡0(LARL_NWRL_CONSORTIUM)164539 | |
| 650 | 1. | ‡aHuman-animal relationships ‡vFiction. ‡0(LARL_NWRL_CONSORTIUM)165684 | |
| 650 | 1. | ‡aBest friends ‡vFiction. ‡0(LARL_NWRL_CONSORTIUM)168959 | |
| 650 | 1. | ‡aFriendship ‡vFiction. ‡0(LARL_NWRL_CONSORTIUM)164944 | |
| 651 | 1. | ‡aRainier, Mount (Wash.) ‡vFiction. | |
| 948 | . | ‡hNO HOLDINGS IN LAL - 93 OTHER HOLDINGS | |
| 994 | . | ‡aZ0 ‡bLAL | |
| 901 | . | ‡a174809 ‡bOCLC ‡c174809 ‡tbiblio | |

Add to basket
Permalink
Disable Highlighting